[Event "Challenge"]
[Site "http://www.queenalice.com/game.php?id=179503"]
[Date "2007.3.10"]
[Round "-"]
[White "toomuchreading"]
[Black "tclout"]
[Result "0-1"]
[WhiteElo "1461"]
[BlackElo "1913"]

1. e3 e5 2. g4 d5 3. c4 Be7 4. Nf3 Bxg4 5. h3 Bh5 6. Be2 dxc4 7. Nxe5 Qd5 8. Bf3
Bxf3 9. Nxf3 Nc6 10. Rg1 Bf6 11. a4 Nge7 12. Nc3 Qh5 13. Nd4 Qxd1+ 14. Kxd1 Nxd4
15. exd4 Bxd4 16. Nb5 Bxf2 17. Nxc7+ Kd7 18. Rf1 Kxc7 19. Rxf2 f5 20. Rf4 g5 21.
Rxc4+ Kd7 22. Ra3 f4 23. h4 h6 24. h5 Rhf8 25. Rd3+ Ke8 26. b3 Rd8 27. Rxd8+
Kxd8 28. Rd4+ Kc8 29. Re4 f3 30. Ke1 f2+ 31. Kf1 Nf5 32. Rg4 Ng7 33. Ba3 Rf3 34.
Bc5 b6 35. Bxf2 Rxb3 36. Bg3 Nxh5 37. Rc4+ Kb7 38. Be5 Nf4 39. Bxf4 Rf3+ 40. Kg2
Rxf4 41. Rxf4 gxf4 42. d4 a5 43. Kf3 b5 44. axb5 a4 45. d5 Kc7 46. Kxf4 a3 47.
Ke5 a2 48. d6+ Kd7 49. Kd5 a1=Q 50. Kc5 Qa3+ 0-1

[Event "AUTO-ADV-252"]
[Site "http://www.queenalice.com/game.php?id=183004"]
[Date "2007.3.16"]
[Round "2"]
[White "tclout"]
[Black "Bob_Fischer"]
[Result "0-1"]
[WhiteElo "1928"]
[BlackElo "2074"]

1. e4 c5 2. Nf3 d6 3. d4 cxd4 4. Nxd4 Nf6 5. Nc3 g6 6. Be3 Nc6 7. Nd5 Nxd5 8.
exd5 Qa5+ 9. Qd2 Qxd5 10. c4 Qa5 11. Qxa5 Nxa5 12. Nb5 Kd8 13. Bxa7 Bf5 14. c5
Nc6 0-1

[Event "Challenge"]
[Site "http://www.queenalice.com/game.php?id=199522"]
[Date "2007.4.19"]
[Round "-"]
[White "dwright"]
[Black "tclout"]
[Result "1-0"]
[WhiteElo "1500"]
[BlackElo "1917"]

1. Nf3 d5 2. c4 d4 3. d3 Nc6 4. g3 e5 5. Bg2 Nf6 6. O-O Bd6 7. a3 O-O 8. b4 Re8
9. Nbd2 h6 10. Bb2 a5 11. b5 Ne7 12. Qc2 c5 13. a4 Nf5 14. Nb3 Be6 15. Nfd2 Qc7
16. Rae1 Rad8 17. Ne4 Nxe4 18. Bxe4 Ne7 19. Kh1 Bh3 20. Rg1 b6 21. e3 Qd7 22.
exd4 exd4 23. f4 1-0

[Event "Challenge"]
[Site "http://www.queenalice.com/game.php?id=252854"]
[Date "2007.8.8"]
[Round "-"]
[White "RickD"]
[Black "tclout"]
[Result "0-1"]
[WhiteElo "1502"]
[BlackElo "1838"]

1. b3 e5 2. Bb2 Nc6 3. g3 Nf6 4. f4 Bd6 5. e3 O-O 6. Nf3 Qe7 7. d4 exd4 8. Nxd4
Qxe3+ 9. Be2 Ne4 10. Rf1 Bb4+ 11. c3 Nxd4 12. cxb4 Nxe2 13. Qxe2 Qxe2+ 14. Kxe2
Re8 15. Kf3 d5 16. b5 Bd7 17. a4 a6 18. bxa6 Rxa6 19. Be5 Rc6 20. b4 Bh3 21. Rd1
Ng5+ 22. Ke3 f6 23. Rxd5 Nf7 24. b5 Rc2 25. Na3 Rxh2 26. Kd4 fxe5+ 27. fxe5 Rd2+
28. Kc4 Nxe5+ 29. Rxe5 Rxe5 30. Kc3 Red5 31. Kb4 c5+ 32. Ka5 Rd8 33. Kb6 R2d6+
34. Kxc5 b6+ 35. Kb4 Rd3 36. Nc4 R8d4 37. Re1 Kf7 38. a5 bxa5+ 39. Kxa5 Rxc4 40.
Rb1 Ra3+ 41. Kb6 Kg6 42. Re1 Bd7 43. Rb1 Ra2 44. Rb3 Kg5 45. Kb7 Bc8+ 46. Kb6
Kg4 47. Rd3 Rb2 48. Ra3 Bd7 49. Rd3 Rxb5+ 0-1

[Event "Challenge"]
[Site "http://www.queenalice.com/game.php?id=278221"]
[Date "2007.9.28"]
[Round "-"]
[White "mid_knight"]
[Black "tclout"]
[Result "0-1"]
[WhiteElo "1970"]
[BlackElo "1841"]

1. d4 c5 2. d5 e5 3. e4 Nf6 4. Nc3 d6 5. Nf3 Nbd7 6. Be2 Be7 7. O-O O-O 8. Nh4
Nb6 9. Bg5 Nfxd5 10. Bxe7 Nxe7 11. Nb5 d5 12. exd5 Nexd5 13. Nf3 e4 14. Nd2 Bf5
15. c4 Nf4 16. g3 Qg5 17. Nd6 Nh3+ 18. Kh1 Rad8 19. f4 Qf6 20. Nxb7 Qxb2 21.
Nxd8 Rxd8 22. Qb3 Rxd2 23. Rad1 Qd4 24. Rxd2 Qxd2 25. Qd1 Qxd1 26. Bxd1 e3 27.
Kg2 Nf2 28. Be2 Bh3+ 29. Kf3 Bxf1 30. Bxf1 Nd1 31. Ke2 Nc3+ 32. Kxe3 Nxa2 33.
Kd2 Nb4 34. Be2 a5 35. Kc3 a4 36. Kb2 Nc6 37. Ka3 Na5 38. Bf1 g6 39. g4 f6 40.
h3 g5 41. f5 Kf7 0-1

[Event "Challenge"]
[Site "http://www.queenalice.com/game.php?id=340638"]
[Date "2008.1.22"]
[Round "-"]
[White "toomuchreading"]
[Black "tclout"]
[Result "0-1"]
[WhiteElo "1461"]
[BlackElo "1862"]

1. e3 e5 2. Nf3 e4 3. Ne5 d5 4. Nxf7 Kxf7 5. Qh5+ g6 6. Qe5 Bg7 7. Qf4+ Nf6 8.
c4 Re8 9. cxd5 Qd6 10. Qxd6 cxd6 11. Nc3 Na6 12. Nb5 Bf8 13. Bc4 Re5 14. h3 Nxd5
15. f4 exf3 16. Rf1 Kg7 17. Rxf3 Ndb4 18. Nd4 Bf5 19. a3 Nd3+ 20. Bxd3 Bxd3 21.
b4 Rae8 22. Nb3 Rg5 23. Bb2+ Kg8 24. g4 h5 25. Rf4 hxg4 26. hxg4 Bg7 27. Bxg7
Kxg7 28. O-O-O Rc8+ 29. Kb2 Rc2+ 30. Ka1 Be2 31. Rb1 Bxg4 32. Nd4 Rxd2 33. Rbf1
Kh6 34. Nf3 Bxf3 35. R4xf3 Nc7 36. R3f2 Rg2 37. Rxg2 Rxg2 38. Rb1 Re2 39. Rd1
Ne8 40. b5 Rxe3 41. Kb2 g5 0-1

[Event "Challenge"]
[Site "http://www.queenalice.com/game.php?id=348912"]
[Date "2008.2.5"]
[Round "-"]
[White "tclout"]
[Black "toomuchreading"]
[Result "0-1"]
[WhiteElo "1864"]
[BlackElo "1487"]

1. d4 d6 2. e4 Nf6 3. Nc3 c6 4. Nf3 Bg4 5. h3 Bxf3 6. Qxf3 h6 7. Bd3 Qb6 8. e5
Nd5 9. e6 fxe6 10. Bg6+ Kd7 11. Qf7 Nf6 12. O-O Qxd4 13. Re1 Qc4 14. Rxe6 Qxe6
15. Qxe6+ Kxe6 16. Be3 Kd7 17. Ne2 e6 18. Rd1 d5 19. Nd4 Bc5 20. Bf4 Bxd4 21.
Rxd4 c5 22. Rd2 Nc6 23. c4 d4 24. Re2 Ne7 25. Bf7 e5 26. Rxe5 Rhf8 27. Be6+ Ke8
28. Rxc5 Ne4 29. Re5 Rxf4 30. g3 Ng6 31. gxf4 Nxe5 32. fxe5 d3 33. Bg4 d2 34.
Kf1 Rd8 35. Bd1 Rd4 36. Ke2 Rxc4 37. f3 Ng5 38. b3 Rh4 39. Kxd2 Rxh3 40. Ke3 Rh4
41. Be2 Ne6 42. Bd3 g5 43. Bc4 Nc5 44. Bd5 g4 45. b4 Nd7 46. f4 b6 47. Kf2 Rh3
48. Bg2 Ra3 49. Bd5 Ra4 50. e6 Nb8 51. Kg3 Rxb4 52. Kxg4 Rb5 53. Be4 Rc5 54. f5
Rc4 55. Kf3 h5 56. f6 Nc6 57. Bg6+ Kf8 58. e7+ Nxe7 59. fxe7+ Kxe7 60. Bxh5 Ra4
61. Ke3 Rxa2 62. Kd4 Ra5 63. Be2 Rc5 64. Ba6 Kd6 65. Bc4 b5 66. Bb3 a5 67. Kd3
a4 68. Bc2 a3 69. Bb3 b4 70. Kd4 Rc3 71. Bd5 Kc7 72. Bf7 Kb6 73. Be6 Ka5 74. Bf7
Ka4 75. Be6 Rc7 76. Kd3 b3 77. Kd4 a2 78. Kd5 a1=Q 79. Bf5 Qd1+ 80. Ke4 Rc4+ 81.
Ke5 Qd4+ 82. Ke6 Rc6+ 83. Kf7 Rc7+ 84. Ke6 Qc5 85. Kf6 Qe7+ 86. Kg6 Qg7+ 87. Kh5
Rc5 88. Kh4 Rxf5 89. Kh3 Rh5# 0-1

[Event "Challenge"]
[Site "http://www.queenalice.com/game.php?id=360106"]
[Date "2008.2.24"]
[Round "-"]
[White "toomuchreading"]
[Black "tclout"]
[Result "0-1"]
[WhiteElo "1535"]
[BlackElo "1864"]

1. e3 e5 2. c4 Nc6 3. Nh3 Bd6 4. a3 Qf6 5. Nc3 Nge7 6. Bd3 Ng6 7. Bxg6 hxg6 8.
Ne4 Qe6 9. b3 f6 10. Bb2 g5 11. f3 b6 12. a4 Nb4 13. Qb1 Bb7 14. Bc3 g4 15.
Nxd6+ Qxd6 16. Bxb4 Qxb4 17. Nf2 gxf3 18. gxf3 Bxf3 19. Rg1 g5 20. Qg6+ Ke7 21.
Ne4 Bxe4 22. Qxe4 Rxh2 23. O-O-O Qa3+ 24. Kc2 Qa2+ 25. Kc3 Rah8 26. Rh1 Rxh1 27.
Rxh1 Rxh1 28. Qxh1 a5 29. Qh7+ Ke6 30. Qg8+ Ke7 31. Qg7+ Ke6 32. Qf8 Qa1+ 33.
Kc2 g4 34. Qe8+ Kd6 35. Qg6 Qg1 36. Qxf6+ Kc5 37. Qxe5+ Kb4 38. Qxc7 Ka3 39. Qe5
Qf1 40. e4 Qf3 41. Qb2+ Kb4 42. Kb1 Qxe4+ 43. Ka2 Kc5 44. Ka3 g3 45. b4+ Kc6 46.
bxa5 Qd3+ 47. Kb4 g2 48. Qc1 bxa5+ 49. Kxa5 Qf5+ 50. Kb4 Qc5+ 51. Kc3 g1=Q 52.
Qxg1 Qxg1 53. d4 Qe3+ 54. Kb4 Qxd4 55. Kb3 Qc5 0-1

[Event "Challenge"]
[Site "http://www.queenalice.com/game.php?id=378009"]
[Date "2008.3.27"]
[Round "-"]
[White "tclout"]
[Black "toomuchreading"]
[Result "1-0"]
[WhiteElo "1867"]
[BlackElo "1531"]

1. c4 e6 2. d4 Bb4+ 3. Bd2 Bxd2+ 4. Nxd2 c5 5. d5 exd5 6. cxd5 Qa5 7. e4 Nf6 8.
Nf3 d6 9. Be2 Bg4 10. O-O Bxf3 11. Bxf3 Qb4 12. b3 b5 13. Re1 Nbd7 14. a3 Qd4
15. a4 c4 16. Nxc4 Qxd1 17. Nxd6+ Ke7 18. Nf5+ Kf8 19. Raxd1 g6 20. Nd6 bxa4 21.
e5 Ne8 22. Nxf7 Kxf7 23. e6+ Ke7 24. d6+ Nxd6 25. Bxa8 Rxa8 26. exd7+ Kxd7 27.
Rd3 axb3 28. Rxb3 Rc8 29. Rh3 Rh8 30. f4 h5 31. Re5 Rf8 32. Rg5 Rf6 33. g4 Ne4
34. Re5 Nd6 35. gxh5 gxh5 36. Rh4 Kc6 37. Rexh5 a6 38. Kf2 Kb6 39. Kf3 Kc6 40.
Rg4 Nc4 41. Rhg5 a5 42. h4 a4 43. h5 Rf7 44. h6 Rh7 45. Rh4 a3 46. Rh2 a2 47.
Rxa2 Rxh6 48. Rc2 Rh3+ 49. Kg4 Rd3 50. Rxc4+ Kd6 51. f5 Ke7 52. Re4+ Kf7 53. Rf4
Rd6 54. Kh5 Rd8 55. Rg6 Rh8+ 56. Rh6 Rxh6+ 57. Kxh6 Kf6 58. Rf1 1-0

[Event "Challenge"]
[Site "http://www.queenalice.com/game.php?id=402817"]
[Date "2008.5.14"]
[Round "-"]
[White "toomuchreading"]
[Black "tclout"]
[Result "0-1"]
[WhiteElo "1545"]
[BlackElo "1870"]

1. e3 c5 2. b3 d5 3. Ba3 e5 4. Qh5 Nc6 5. Bb5 Bd7 6. Bxc6 bxc6 7. Qxe5+ Be6 8.
Bxc5 Qf6 9. Qxf6 Nxf6 10. Bxf8 Kxf8 11. d4 Ke7 12. Nf3 Rab8 13. h3 Ne4 14. Nfd2
Nd6 15. a4 Bf5 16. Na3 Rhc8 17. c4 Bd3 18. f3 dxc4 19. bxc4 Rb2 20. c5 Nf5 21.
Nac4 Bxc4 22. Nxc4 Rxg2 23. Kf1 Rc2 24. Nd6 Nxe3+ 25. Kg1 Rg2# 0-1

[Event "Challenge"]
[Site "http://www.queenalice.com/game.php?id=460844"]
[Date "2008.9.9"]
[Round "-"]
[White "tclout"]
[Black "toomuchreading"]
[Result "1-0"]
[WhiteElo "1873"]
[BlackElo "1542"]

1. b3 e6 2. Bb2 Nc6 3. Nf3 Nf6 4. e3 h6 5. a3 g5 6. d4 e5 7. dxe5 g4 8. exf6
gxf3 9. Qxf3 d5 10. Bd3 Qd6 11. Nc3 Ne5 12. Qxd5 Qxd5 13. Nxd5 Nxd3+ 14. cxd3
Bd6 15. Rc1 c6 16. Nf4 Bxf4 17. exf4 Bf5 18. Rc5 Be6 19. b4 a6 20. Kd2 O-O-O 21.
g3 Kd7 22. a4 b6 23. Re5 Bd5 24. Re7+ Kc8 25. Rc1 Rd7 26. Rce1 Rxe7 27. fxe7 Re8
28. Bf6 Kd7 29. h4 Be6 30. Rg1 Bg4 31. f3 Bxf3 32. g4 h5 33. gxh5 Bxh5 34. f5
Kd6 35. Rg5 Bf3 36. h5 Bd5 37. h6 Be6 38. h7 Bxf5 39. Rg8 Bxh7 40. Rxe8 Bf5 41.
Ra8 Bd7 42. Rxa6 Ke6 43. Ra7 b5 44. a5 c5 45. bxc5 Bc6 46. Rc7 Kd5 47. Rxc6 Kxc6
48. e8=Q+ 1-0